[Event "DRUGA LIGA CENTRALNE SRBIJE 2013 - Istok"]
[Site "Zajecar"]
[Date "2013.10.11"]
[Round "3.56"]
[White "Stanisavljevic, Vladan"]
[Black "Tonic, Milos"]
[Result "1-0"]
[WhiteElo "1815"]
[BlackElo "1988"]
[PlyCount "0"]
[EventDate "2013.10.10"]

1.e4 c5 2.Nf3 Nc6 3.Nc3 Nf6 4.Bc4 Nxe4 5.Bxf7+ Kxf7 6.Nxe4 e5
7.Nfg5+ Kg8 8.Qf3 Qe8 9.Qb3+ d5 10.Qxd5+ Be6 11.Qxe6+ Qxe6 12.Nxe6
Be7 13.N6xc5 Nd4 14.Kd1 Bxc5 15.Nxc5 Rc8 16.Nxb7 Nxc2 17.Rb1
Nb4 18.a3 Nd3 19.Ke2 Nf4+ 20.Kf3 Rc7 21.Nd6 Rd7 22.Nf5 g6 23.Ne3
Kg7 24.g3 Nd3 25.Kg2 Rf8 26.Rf1 Rdf7 27.f3 Rxf3 28.Rxf3 Ne1+
29.Kh3 Rxf3 30.b4 Rf2 31.Rb3 h5 32.Bb2 Nf3 33.g4 h4 34.g5 Nxg5+
35.Kxh4 Nf7 36.Ng4 Rxd2 37.Bxe5+ Nxe5 38.Nxe5 Rxh2+ 39.Kg3 Rc2
40.Rf3 a5 41.Rb3 axb4 42.axb4 Kf6 43.Nf3 Ke7 44.Ne5 Kd6 45.Nxg6
Kc6 46.Nf4 Kb5 47.Nd5 Rd2 48.Ne3 Rd4 49.Nc2 Rd7 50.Rb2 Rd8 51.Kf3
Kc4 52.Ne3+ Kc3 53.Rb1 Re8 54.b5 Kd4 55.Nf5+ Kc5 56.Ng7 Re7 57.b6
Kc6 58.Ne6 Re8 59.b7 1-0

[Event "DRUGA LIGA CENTRALNE SRBIJE 2013 - Istok"]
[Site "Zajecar"]
[Date "2013.10.11"]
[Round "3.62"]
[White "Brkic, Antonio *"]
[Black "Panic, Milan"]
[Result "0-1"]
[WhiteElo "1693"]
[BlackElo "2281"]
[PlyCount "0"]
[EventDate "2013.10.10"]

1.d4 Nf6 2.Nf3 d5 3.Bf4 c5 4.c3 Nc6 5.e3 Qb6 6.Qb3 c4 7.Qxb6
axb6 8.Nbd2 b5 9.Be2 b4 10.O-O Bf5 11.Nh4 Bd7 12.Nhf3 e6 13.Ne5
b5 14.Bf3 Nxe5 15.dxe5 Ng8 16.e4 Bc6 17.Be3 bxc3 18.bxc3 Ba3
19.Rab1 Ne7 20.Rfd1 O-O 21.exd5 exd5 22.Bg4 b4 23.Bd4 Ba4 24.cxb4
Bxd1 25.Bxd1 Nc6 26.Bc5 Rfb8 27.Bd6 Rxb4 28.Bxb4 Nxb4 29.Bf3
c3 30.Nb3 c2 31.Re1 Rc8 0-1

[Event "DRUGA LIGA CENTRALNE SRBIJE 2013 - Istok"]
[Site "Zajecar"]
[Date "2013.10.11"]
[Round "3.64"]
[White "Vranjanac, Cedomir"]
[Black "Rasic, Jovan **"]
[Result "0-1"]
[WhiteElo "1825"]
[BlackElo "2114"]
[PlyCount "0"]
[EventDate "2013.10.10"]

1.e4 g6 2.d4 Bg7 3.Be3 d6 4.g3 Nf6 5.Nc3 Nc6 6.h3 O-O 7.Bg2 e5
8.d5 Nd4 9.Nge2 Nxe2 10.Qxe2 a6 11.a4 Nd7 12.O-O f5 13.Qd2 Nf6
14.Kh2 Nh5 15.exf5 gxf5 16.Bf3 Nf6 17.Bh6 Qe8 18.Bxg7 Kxg7 19.Qg5+
Kh8 20.Rg1 Qf7 21.Rad1 Bd7 22.Qh4 Rg8 23.Be2 Rg7 24.f3 Rag8 25.Rg2
Qe7 26.Rdg1 f4 27.g4 Nxg4+ 28.Rxg4 Qxh4 0-1

[Event "DRUGA LIGA CENTRALNE SRBIJE 2013 - Istok"]
[Site "Zajecar"]
[Date "2013.10.11"]
[Round "3.65"]
[White "Petrovic, Petar R **"]
[Black "Zlatanovic, Jovana **"]
[Result "1-0"]
[WhiteElo "1709"]
[BlackElo "1707"]
[PlyCount "0"]
[EventDate "2013.10.10"]

1.e4 c5 2.Nf3 d6 3.Bc4 e6 4.c3 Nf6 5.Qe2 Nbd7 6.d4 Be7 7.O-O
a6 8.Bg5 b5 9.Bd3 e5 10.Nbd2 Bb7 11.d5 c4 12.Bc2 Nc5 13.Be3 Ncd7
14.h3 h6 15.a4 Nf8 16.Nh2 g5 17.axb5 axb5 18.b3 Rc8 19.bxc4 bxc4
20.Rfb1 Qc7 21.Ra7 Rb8 22.Bb6 Qc8 23.Qxc4 N8d7 24.Bc7 Nc5 25.Bxb8
Qxb8 26.Qb5+ 1-0